Models of success in the works of Deepak Chopra, Shiv Khera and humanistic psychology (Record no. 492717)

000 -LEADER
fixed length control field 00533cam a22001457a 4500
008 - FIXED-LENGTH DATA ELEMENTS--GENERAL INFORMATION
fixed length control field 180718b2003 xxu||||| |||| 00| 0 eng d
082 ## - DEWEY DECIMAL CLASSIFICATION NUMBER
Classification number APPPA 2002-03 PAR/20
100 ## - MAIN ENTRY--PERSONAL NAME
Personal name Parmar, Renu S.
245 ## - TITLE STATEMENT
Title Models of success in the works of Deepak Chopra, Shiv Khera and humanistic psychology
Statement of responsibility, etc. by Renu S. Parmar
260 ## - PUBLICATION, DISTRIBUTION, ETC.
Place of publication, distribution, etc. New Delhi
Name of publisher, distributor, etc. Indian Institute of Public Administration
Date of publication, distribution, etc. 2003
300 ## - PHYSICAL DESCRIPTION
Extent 106p.
500 ## - GENERAL NOTE
General note An APPPA M.Phil dissertation, 2002-03 (Guide: Jaideep Singh)
650 ## - SUBJECT ADDED ENTRY--TOPICAL TERM
Topical term or geographic name entry element APPPA
650 ## - SUBJECT ADDED ENTRY--TOPICAL TERM
Topical term or geographic name entry element Humanistic psychology
Holdings
Withdrawn status Lost status Damaged status Not for loan Permanent Location Current Location Date acquired Full call number Barcode Date last seen Price effective from Koha item type
        Indian Institute of Public Administration Indian Institute of Public Administration 2018-08-04 APPPA 2002-03 PAR/20 GR16653 2018-08-04 2018-08-04 GR

Powered by Koha